| 000 | 00345nam a2200133Ia 4500 | ||
|---|---|---|---|
| 008 | 220214s9999 xx 000 0 und d | ||
| 041 | _aMal | ||
| 245 | 0 | _aRUBBER (in MALAYALAM) | |
| 260 |
_bRubber Board, Kottayam _aIndia |
||
| 310 | _aM | ||
| 500 | _aEnding Volume & Year: 421, 2001 | ||
| 500 | _aStarting Volume & Year: 1, 1965 | ||
| 942 | _cBJ | ||
| 999 |
_c18230 _d18230 |
||